000 00324nam a22001457a 4500
008 210518b ||||| |||| 00| 0 eng d
020 _a0813101689
041 _aeng
080 _a316
082 _a316
100 _a50
101 _aSOC
245 _aContemporary American Women Writers
_cRainwater,C
942 _2udc
_cBK
999 _c57413
_d57413